000 00759na a2200265 4500
001 22127
003 MIRAKIL
005 20181213155305.0
008 170210b tu 000 0
020 _a9755334440
035 _a22127
040 _aMilas
_btur
_cTR-AnCHP
041 _atur
082 _a305.509561
_bB66b 2005
090 _a305.509561 B66b 2005
100 _aBoratav, Korkut
245 _a1980'li yıllarda Türkiye'de sosyal sınıflar ve bölüşüm
_cKorkut Boratav
250 _a2. bs.
260 _aAnkara
_bİmge Kitabevi
_c2005
300 _a142 s.
_c20 sm.
650 _aToplumsal sınıflar
_x20. yüzyıl
650 _aSınıf mücadelesi, 1980
_zTürkiye
650 _aSiyasal tarih
_xSosyal sınıflar
942 _2dcc
_cBKS
999 _c10039
_d10039